[Event "FIDE World Rapid 2013"]
[Site "Khanty-Mansiysk RUS"]
[Date "2013.06.08"]
[Round "14.28"]
[White "Pasiev, Rakhim"]
[Black "Ram, S. Krishnan"]
[Result "0-1"]
[WhiteTitle "IM"]
[WhiteElo "2384"]
[BlackElo "2248"]
[WhiteFideId "24122475"]
[BlackFideId "5010519"]
[EventDate "2013.06.06"]

1. e4 e6 2. d4 d5 3. Nc3 Nf6 4. Bg5 dxe4 5. Nxe4 Be7 6. Bxf6 Bxf6 7. Nf3 Nd7 8.
Bd3 c5 9. Qd2 Qb6 10. O-O-O cxd4 11. g4 Be7 12. h4 Nc5 13. Nxd4 Bd7 14. Qf4 f6
15. Qg3 O-O-O 16. f4 Ba4 17. Nxc5 Bxc5 18. Nb3 Bd6 19. Kb1 g5 20. hxg5 fxg5 21.
Qe1 Bxf4 22. Bxh7 Rxd1+ 23. Qxd1 Rd8 24. Bd3 Bb5 25. Qe2 Bxd3 26. cxd3 Kb8 27.
Qe4 Rc8 28. Re1 Qf2 29. d4 Rc2 30. Qxc2 Qxe1+ 31. Nc1 Qg1 32. a3 Qxc1+ 33. Qxc1
Bxc1 34. Kxc1 Kc7 35. Kd2 Kd6 36. Ke3 Kd5 37. Kd3 a6 38. b3 b6 39. a4 a5 40. Kc3
e5 41. dxe5 Kxe5 42. Kc4 Kf4 43. Kb5 Kxg4 44. Kxb6 Kf5 45. Kxa5 g4 46. b4 g3 47.
b5 g2 48. Ka6 g1=Q 49. a5 Ke6 50. b6 Kd7 51. b7 Kc7 0-1

[Event "FIDE World Rapid 2013"]
[Site "Khanty-Mansiysk RUS"]
[Date "2013.06.08"]
[Round "14.29"]
[White "Akbaev, Kazbek"]
[Black "Lagno, Kateryna"]
[Result "0-1"]
[WhiteTitle "IM"]
[BlackTitle "GM"]
[WhiteElo "2475"]
[BlackElo "2542"]
[WhiteFideId "4131045"]
[BlackFideId "14109336"]
[EventDate "2013.06.06"]

1. Nf3 Nf6 2. d4 g6 3. c4 Bg7 4. Nc3 d5 5. h3 O-O 6. c5 b6 7. cxb6 axb6 8. Bf4
c5 9. e3 Nc6 10. Bb5 Bb7 11. O-O e6 12. Rc1 Qe7 13. Bg5 h6 14. Bh4 Ra5 15. a4
Raa8 16. Ne5 Rfc8 17. f4 cxd4 18. exd4 Qb4 19. Bf2 Qxb2 20. Rc2 Qb3 21. Bxc6
Bxc6 22. Qd3 Bxa4 23. Nxa4 Qxa4 24. Rxc8+ Rxc8 25. Rb1 Ne4 26. Be1 Rb8 27. Rb4
Qa1 28. Rb1 Qa2 29. Kh2 Nd6 30. Nc6 Rb7 31. Bb4 Qc4 32. Qxc4 Nxc4 33. Ra1 Rc7
34. Ne5 Nxe5 35. dxe5 g5 36. Bd6 Rc4 37. fxg5 hxg5 38. Ra8+ Kh7 39. Rb8 Re4 40.
Rb7 Kg6 41. Rxb6 Bxe5+ 42. Bxe5 Rxe5 43. Rd6 Re3 44. Kg1 Kf5 45. Kf2 Ra3 46. Rd8
Kf4 47. Rb8 d4 48. Rb6 Ra2+ 49. Kf1 Ke3 50. Rb1 d3 51. Re1+ Kd4 52. g3 Rh2 53.
Kg1 Rxh3 54. Kg2 Rh8 55. Kf3 d2 56. Ra1 Kc3 57. Ke3 Rd8 0-1

[Event "FIDE World Rapid 2013"]
[Site "Khanty-Mansiysk RUS"]
[Date "2013.06.08"]
[Round "15.2"]
[White "Nepomniachtchi, Ian"]
[Black "Riazantsev, Alexander"]
[Result "1/2-1/2"]
[WhiteTitle "GM"]
[BlackTitle "GM"]
[WhiteElo "2717"]
[BlackElo "2708"]
[WhiteFideId "4168119"]
[BlackFideId "4125029"]
[EventDate "2013.06.06"]

1. e4 c6 2. Nc3 d5 3. Nf3 Bg4 4. h3 Bxf3 5. Qxf3 e6 6. d4 dxe4 7. Qxe4 Nf6 8.
Qh4 Nbd7 9. Bd3 Nd5 10. Qxd8+ Rxd8 11. Nxd5 cxd5 12. a4 Be7 13. a5 a6 14. c3 Nb8
15. b4 Nc6 16. b5 axb5 17. Bxb5 Kd7 18. Ke2 Ra8 19. Bd2 Kc7 20. a6 bxa6 21. Bxa6
Rhb8 22. Bd3 Rxa1 23. Rxa1 g6 24. g3 Rb2 25. Kd1 Rb7 26. Ra8 Rb8 27. Ra6 Bd6 28.
h4 h5 29. Bc2 Rb6 30. Ra2 Rb7 31. Ke2 Ra7 32. Rxa7+ Nxa7 33. Ba4 Kd8 34. Kd3 Nc8
35. Bb5 Ke7 36. Bg5+ Kf8 37. Bd8 Ne7 38. c4 dxc4+ 39. Bxc4 Kg7 40. Ke4 1/2-1/2

[Event "FIDE World Rapid 2013"]
[Site "Khanty-Mansiysk RUS"]
[Date "2013.06.08"]
[Round "15.3"]
[White "Vitiugov, Nikita"]
[Black "Grischuk, Alexander"]
[Result "1/2-1/2"]
[WhiteTitle "GM"]
[BlackTitle "GM"]
[WhiteElo "2734"]
[BlackElo "2779"]
[WhiteFideId "4152956"]
[BlackFideId "4126025"]
[EventDate "2013.06.06"]

1. d4 Nf6 2. Bg5 e6 3. Nd2 c5 4. e3 b6 5. Ne4 Be7 6. Bxf6 gxf6 7. d5 f5 8. Nc3
Bf6 9. Bc4 Bb7 10. Nge2 O-O 11. Nf4 Na6 12. Qd2 Nc7 13. Rd1 a6 14. a4 Be5 15.
O-O Qf6 16. Qe2 Bxc3 17. bxc3 b5 18. axb5 axb5 19. Bxb5 Nxb5 20. Qxb5 Ba6 21.
Qxd7 Bxf1 22. Rxf1 e5 23. Nd3 Rad8 24. Qb7 c4 25. Nb4 Kh8 26. Qb5 Rg8 27. g3 Rg4
28. Nc6 Re8 29. Qc5 f4 30. d6 Qe6 31. Nxe5 Rg7 32. exf4 f6 33. Nxc4 Rc8 34. d7
Rxc5 35. d8=Q+ Rg8 36. Qd6 Qxc4 37. Qxf6+ Rg7 38. Qf8+ Rg8 39. Qf6+ Rg7 40. Qf8+
Rg8 41. Qf6+ Rg7 42. Qf8+ Rg8 43. Qf6+ Rg7 44. Qf8+ Rg8 45. Qf6+ Rg7 46. Qf8+ 1/2-1/2

[Event "FIDE World Rapid 2013"]
[Site "Khanty-Mansiysk RUS"]
[Date "2013.06.08"]
[Round "15.6"]
[White "Movsesian, Sergei"]
[Black "Khairullin, Ildar"]
[Result "1/2-1/2"]
[WhiteTitle "GM"]
[BlackTitle "GM"]
[WhiteElo "2699"]
[BlackElo "2658"]
[WhiteFideId "310204"]
[BlackFideId "4151348"]
[EventDate "2013.06.06"]

1. e4 c6 2. d4 d5 3. Nc3 dxe4 4. Nxe4 Bf5 5. Ng3 Bg6 6. h4 h6 7. Nf3 Nd7 8. h5
Bh7 9. Bd3 Bxd3 10. Qxd3 e6 11. Bd2 Ngf6 12. O-O-O Be7 13. Ne4 Nxe4 14. Qxe4 Nf6
15. Qe2 Qd5 16. c4 Qe4 17. Qxe4 Nxe4 1/2-1/2

[Event "FIDE World Rapid 2013"]
[Site "Khanty-Mansiysk RUS"]
[Date "2013.06.08"]
[Round "15.7"]
[White "Nguyen, Ngoc Truong Son"]
[Black "Guseinov, Gadir"]
[Result "0-1"]
[WhiteTitle "GM"]
[BlackTitle "GM"]
[WhiteElo "2625"]
[BlackElo "2631"]
[WhiteFideId "12401110"]
[BlackFideId "13401378"]
[EventDate "2013.06.06"]

1. d4 Nf6 2. c4 g6 3. Nc3 Bg7 4. e4 d6 5. f4 O-O 6. Nf3 Na6 7. Bd3 Bg4 8. h3
Bxf3 9. Qxf3 Nd7 10. Be3 Nb4 11. Rd1 c5 12. dxc5 Bxc3+ 13. bxc3 Nxd3+ 14. Rxd3
Qc7 15. cxd6 Qxc4 16. Bd4 exd6 17. O-O Rfe8 18. Re3 Ne5 19. Qg3 Nc6 20. Bf6 Qc5
21. Kh2 Re6 22. e5 dxe5 23. fxe5 Rae8 24. Qg5 Nxe5 25. Rg3 Nd7 26. Rf5 Qf8 27.
Bd4 b6 28. Rf4 f6 29. Qh5 Qf7 30. Qf3 Rf8 31. h4 Ne5 32. Qd5 Nc6 33. h5 Ne7 34.
Qd7 Nf5 35. Qxf7+ Kxf7 36. hxg6+ hxg6 37. Rh3 Kg7 38. Bf2 Re2 39. a4 Nd6 40. Bd4
g5 41. Rf1 Kg6 42. a5 Nf5 43. axb6 axb6 44. Bxb6 g4 45. Rd3 Rb8 46. Rd5 Rh8+ 47.
Kg1 Ng3 0-1

[Event "FIDE World Rapid 2013"]
[Site "Khanty-Mansiysk RUS"]
[Date "2013.06.08"]
[Round "15.8"]
[White "Vallejo Pons, Francisco"]
[Black "Ponomariov, Ruslan"]
[Result "1/2-1/2"]
[WhiteTitle "GM"]
[BlackTitle "GM"]
[WhiteElo "2706"]
[BlackElo "2743"]
[WhiteFideId "2205530"]
[BlackFideId "14103320"]
[EventDate "2013.06.06"]

1. e4 e5 2. Nf3 Nc6 3. d4 exd4 4. Nxd4 Nf6 5. Nxc6 bxc6 6. Qe2 d6 7. Nc3 Be7 8.
Be3 O-O 9. O-O-O Be6 10. h3 Nd7 11. f4 Nb6 12. f5 Bc4 13. Qg4 Bxf1 14. e5 Ba6
15. Bh6 g6 16. f6 Bxf6 17. exf6 Qxf6 18. Bxf8 Rxf8 19. Qd4 Qxd4 20. Rxd4 c5 21.
Re4 f5 22. Re7 Rf7 23. Rhe1 Bb7 24. g3 Bc6 25. a4 Nxa4 26. Nxa4 Bxa4 27. Kd2 a6
28. c4 Bc6 29. Rxf7 Kxf7 30. Ra1 Bb7 31. Ra3 g5 32. Rb3 Bg2 33. h4 gxh4 34. gxh4
f4 35. Rb8 Be4 36. Rc8 c6 37. Ra8 Kf6 38. Rxa6 Kf5 39. Ke2 Kg4 40. Ra7 Kxh4 41.
Kf2 Kg5 42. Re7 d5 43. Re6 h5 44. Rxc6 h4 45. cxd5 h3 46. Kg1 f3 47. Rxc5 f2+
48. Kxf2 h2 49. d6+ Kf6 50. d7 Ke7 51. Rh5 h1=Q 52. Rxh1 Bxh1 53. d8=Q+ Kxd8 54.
b4 1/2-1/2

[Event "FIDE World Rapid 2013"]
[Site "Khanty-Mansiysk RUS"]
[Date "2013.06.08"]
[Round "15.9"]
[White "Khismatullin, Denis"]
[Black "Moiseenko, Alexander"]
[Result "1-0"]
[WhiteTitle "GM"]
[BlackTitle "GM"]
[WhiteElo "2658"]
[BlackElo "2711"]
[WhiteFideId "4142578"]
[BlackFideId "14102560"]
[EventDate "2013.06.06"]

1. d4 Nf6 2. c4 e6 3. Nc3 Bb4 4. e3 b6 5. Bd3 Bb7 6. f3 c5 7. a3 cxd4 8. axb4
dxc3 9. Ne2 Nc6 10. b5 Ne5 11. Nxc3 Nxd3+ 12. Qxd3 O-O 13. e4 d5 14. exd5 exd5
15. O-O dxc4 16. Qxc4 Rc8 17. Qb3 Re8 18. Bg5 h6 19. Bh4 Ra8 20. Kh1 g5 21. Bf2
g4 22. fxg4 Nxg4 23. Bg3 Re6 24. Rae1 Qd2 25. Re2 Rxe2 26. Qxf7+ Kh8 27. Qxb7
Ree8 28. h3 Qd3 29. Rf3 Ne3 30. Be5+ Rxe5 31. Qxa8+ Kg7 32. Qf8+ Kg6 33. Qf7+
Kg5 34. Qf6+ 1-0

[Event "FIDE World Rapid 2013"]
[Site "Khanty-Mansiysk RUS"]
[Date "2013.06.08"]
[Round "15.12"]
[White "Bologan, Viktor"]
[Black "Akopian, Vladimir"]
[Result "1-0"]
[WhiteTitle "GM"]
[BlackTitle "GM"]
[WhiteElo "2672"]
[BlackElo "2691"]
[WhiteFideId "13900048"]
[BlackFideId "13300032"]
[EventDate "2013.06.06"]

1. e4 e5 2. Nf3 Nc6 3. Bc4 Bc5 4. O-O Nf6 5. d3 d6 6. c3 a6 7. Bb3 Ba7 8. Re1 h6
9. Nbd2 O-O 10. h3 Re8 11. Nf1 Be6 12. N3h2 Bxb3 13. axb3 d5 14. Qf3 dxe4 15.
dxe4 Qd6 16. b4 Qe6 17. Ng3 Ne7 18. Ng4 Nxg4 19. hxg4 Red8 20. Nf5 f6 21. g3
Nxf5 22. gxf5 Qc4 23. Kg2 Rd3 24. Qg4 Kf8 25. Rh1 Rad8 26. Bxh6 gxh6 27. Rxh6
Ke7 28. Rh7+ Kd6 29. Qg7 Rxg3+ 30. fxg3 Qxe4+ 31. Kh2 Qc2+ 32. Kh3 Qxf5+ 33. Kh4
Qg5+ 34. Qxg5 fxg5+ 35. Kg4 Kc6 36. Rh6+ Kb5 37. b3 c6 38. Ra5+ Kb6 39. Rxe5 Rd3
40. Re7 Bb8 41. Rhh7 Rxg3+ 42. Kf5 Ka7 43. Rxb7+ Ka8 44. Rb6 1-0

[Event "FIDE World Rapid 2013"]
[Site "Khanty-Mansiysk RUS"]
[Date "2013.06.08"]
[Round "15.13"]
[White "Najer, Evgeniy"]
[Black "Grachev, Boris"]
[Result "1-0"]
[WhiteTitle "GM"]
[BlackTitle "GM"]
[WhiteElo "2633"]
[BlackElo "2683"]
[WhiteFideId "4118987"]
[BlackFideId "4129199"]
[EventDate "2013.06.06"]

1. e4 c6 2. d4 d5 3. e5 Bf5 4. h4 h6 5. g4 Bd7 6. c4 e6 7. Nc3 Na6 8. h5 Nc7 9.
a3 dxc4 10. Bxc4 Ne7 11. Nf3 Ned5 12. Ne4 Nb6 13. Ba2 Ncd5 14. Bd2 Qc7 15. Qc2
O-O-O 16. O-O-O Kb8 17. Kb1 Be7 18. Ne1 Rdf8 19. Rg1 Be8 20. Nd3 f5 21. Nec5
fxg4 22. Nxe6 Qc8 23. Nxf8 Rxf8 24. a4 a5 25. Bxa5 Bxh5 26. Nc5 g3 27. Rxg3 Bxd1
28. Qxd1 Rxf2 29. e6 Qf8 30. Bxd5 Bxc5 31. Rf3 Rxf3 32. Bxf3 Qf5+ 33. Ka1 Bxd4
34. Bxb6 Bxb6 35. e7 Qe6 36. Qd8+ Bxd8 37. exd8=Q+ Ka7 38. Qd4+ Ka8 39. Qxg7 Qb3
40. Qf8+ Ka7 41. Qc5+ Ka8 42. Qf8+ Ka7 43. Qf4 Kb6 44. Qd4+ Kc7 45. Bd1 Qe6 46.
Kb1 Qf5+ 47. Bc2 Qg5 48. Qb4 h5 49. a5 h4 50. Qb6+ Kd6 51. Qxb7 Qxa5 52. Qb8+
Ke7 53. Qf4 Qe1+ 54. Ka2 Qa5+ 55. Qa4 Qd5+ 56. Bb3 Qg5 57. Qxc6 Qa5+ 58. Qa4 Qg5
59. Qa7+ Kd6 60. Qb6+ Kd7 61. Ba4+ Ke7 62. Qc7+ Kf8 63. Bb3 Qf6 64. Qd7 Qa6+ 65.
Qa4 Qf6 66. Qc4 Ke7 67. Qc5+ Kd8 68. Qb5 Ke7 69. Ba4 Kf8 70. Qc6 Qf7+ 71. Bb3
Qa7+ 72. Qa4 Qf2 73. Qb4+ Ke8 74. Qb8+ Ke7 75. Qc7+ Ke8 76. Ba4+ Kf8 77. Qd8+
Kg7 78. Qe7+ Kh6 79. Qe6+ Kg7 80. Ka3 Qc5+ 81. Ka2 Qf2 82. Bb5 Qa7+ 83. Kb3 Qf2
84. Bd3 Qg3 85. Qe7+ Kg8 86. Kc4 h3 87. Bh7+ Kh8 88. Be4 Qg8+ 89. Kd4 Qg1+ 90.
Kd5 Qg8+ 91. Qe6 Qd8+ 92. Qd6 Qg8+ 93. Kc5 Qg5+ 94. Kc6 Kg7 95. b4 Qc1+ 96. Kd7
Qc3 97. Qe7+ Kh6 98. Qh4+ Kg7 99. Qg5+ Kf8 100. Qh6+ 1-0

[Event "FIDE World Rapid 2013"]
[Site "Khanty-Mansiysk RUS"]
[Date "2013.06.08"]
[Round "15.14"]
[White "Jakovenko, Dmitry"]
[Black "Safarli, Eltaj"]
[Result "1-0"]
[WhiteTitle "GM"]
[BlackTitle "GM"]
[WhiteElo "2713"]
[BlackElo "2660"]
[WhiteFideId "4122356"]
[BlackFideId "13402129"]
[EventDate "2013.06.06"]

1. Nf3 Nf6 2. c4 g6 3. Nc3 d5 4. cxd5 Nxd5 5. Qb3 Nb6 6. d4 Bg7 7. Bf4 Be6 8.
Qa3 O-O 9. e3 N8d7 10. Rd1 Nd5 11. Bg3 Nxc3 12. bxc3 Nb6 13. Bd3 Qd7 14. O-O Qa4
15. Qxe7 Nd5 16. Qh4 h6 17. Rc1 Qa3 18. Bf4 Nxf4 19. Qxf4 c5 20. Be4 cxd4 21.
cxd4 Rac8 22. Rxc8 Rxc8 23. h4 b5 24. d5 Bd7 25. Ne5 Bxe5 26. Qxe5 Re8 27. Qc7
Rxe4 28. Qxd7 Qxa2 29. Qc8+ Kh7 30. d6 1-0

[Event "FIDE World Rapid 2013"]
[Site "Khanty-Mansiysk RUS"]
[Date "2013.06.08"]
[Round "15.15"]
[White "Sargissian, Gabriel"]
[Black "Georgiev, Kiril"]
[Result "1/2-1/2"]
[WhiteTitle "GM"]
[BlackTitle "GM"]
[WhiteElo "2671"]
[BlackElo "2636"]
[WhiteFideId "13300881"]
[BlackFideId "2900017"]
[EventDate "2013.06.06"]

1. d4 Nf6 2. c4 e6 3. Nf3 Bb4+ 4. Bd2 Bxd2+ 5. Qxd2 O-O 6. g3 d5 7. Bg2 Nbd7 8.
O-O c6 9. Rc1 b6 10. cxd5 cxd5 11. Nc3 Ba6 12. a4 Qe7 13. Nb5 Ne4 14. Qe3 Bxb5
15. axb5 Qb4 16. Qd3 Qxb2 17. Rab1 Qa2 18. Ra1 Qb2 19. Rab1 Qa2 20. Ra1 1/2-1/2

[Event "FIDE World Rapid 2013"]
[Site "Khanty-Mansiysk RUS"]
[Date "2013.06.08"]
[Round "15.16"]
[White "Ponkratov, Pavel"]
[Black "Artemiev, Vladislav"]
[Result "1-0"]
[WhiteTitle "GM"]
[BlackTitle "IM"]
[WhiteElo "2605"]
[BlackElo "2524"]
[WhiteFideId "4157800"]
[BlackFideId "24101605"]
[EventDate "2013.06.06"]

1. Nf3 d5 2. d4 Nf6 3. c4 c6 4. e3 Bf5 5. Nc3 e6 6. Nh4 Bg6 7. Be2 Nbd7 8. Qb3
Qb6 9. Nxg6 hxg6 10. Qa4 Qc7 11. cxd5 exd5 12. h3 Bd6 13. Bd2 Nb6 14. Qb3 a5 15.
Qc2 a4 16. Rb1 O-O 17. b3 a3 18. h4 Qe7 19. Bf3 Bb4 20. Kf1 Nc8 21. Ne2 Bxd2 22.
Qxd2 Nd6 23. g3 Nfe4 24. Qc2 Rfe8 25. Nf4 Qf6 26. Kg2 Nf5 27. Bxe4 Rxe4 28. Qd3
Rae8 29. Rh3 Qe7 30. b4 Nd6 31. b5 Nxb5 32. Nxd5 Qe6 33. Nb4 Nd6 34. Rb3 Nf5 35.
Qc3 Qd6 36. Nc2 Qd5 37. Kg1 Qe6 38. Rh1 Rg4 39. Rh3 Qf6 40. Rxb7 Nxh4 41. Ne1
Nf5 42. Ng2 Nd6 43. Qxc6 Rc8 44. Qd7 Rd8 45. Qxg4 Nxb7 46. Nf4 Na5 47. Qf3 Nc4
48. Qh1 Kf8 49. Rh8+ Ke7 50. Qb7+ 1-0

[Event "FIDE World Rapid 2013"]
[Site "Khanty-Mansiysk RUS"]
[Date "2013.06.08"]
[Round "15.17"]
[White "Kabanov, Nikolai"]
[Black "Rublevsky, Sergei"]
[Result "0-1"]
[WhiteTitle "GM"]
[BlackTitle "GM"]
[WhiteElo "2472"]
[BlackElo "2695"]
[WhiteFideId "4127820"]
[BlackFideId "4115309"]
[EventDate "2013.06.06"]

1. e4 c5 2. Nf3 e6 3. c4 Nc6 4. Be2 Nge7 5. O-O b6 6. a3 Bb7 7. d3 Ng6 8. Nc3
Be7 9. Be3 O-O 10. Ne1 f5 11. f4 Nd4 12. Bh5 Qc7 13. g3 Nh8 14. Bxd4 cxd4 15.
Nb5 Qb8 16. e5 g5 17. Nxd4 gxf4 18. gxf4 Ng6 19. Bxg6 hxg6 20. Ndf3 Kg7 21. d4
Qc7 22. Rc1 Rh8 23. b4 Rac8 24. Rc2 Be4 25. Rc3 Rh3 26. Qd2 Qb7 27. Ng5 Rxc3 28.
Qxc3 Bxg5 29. fxg5 Qa6 30. c5 Rh8 31. Rf2 Rh4 32. Qe3 Qc4 33. h3 Bc6 34. Rf4 Rh5
35. h4 b5 36. Kf2 Rh8 37. Kg3 a5 38. bxa5 Ra8 39. Qd2 Qb3+ 40. Nf3 Qxa3 41. h5
gxh5 42. Qh2 Kg6 43. Qe2 Rxa5 44. Kh4 Qc1 45. Kg3 Ra3 46. Kf2 0-1

[Event "FIDE World Rapid 2013"]
[Site "Khanty-Mansiysk RUS"]
[Date "2013.06.08"]
[Round "15.18"]
[White "Vasquez Schroeder, Rodrigo"]
[Black "Kurnosov, Igor"]
[Result "1-0"]
[WhiteTitle "GM"]
[BlackTitle "GM"]
[WhiteElo "2542"]
[BlackElo "2657"]
[WhiteFideId "3400042"]
[BlackFideId "4142527"]
[EventDate "2013.06.06"]

1. d4 Nf6 2. c4 g6 3. g3 c5 4. d5 b5 5. cxb5 a6 6. bxa6 d6 7. Nc3 Bg7 8. Bg2 O-O
9. Nf3 Nbd7 10. Rb1 Nb6 11. Nh4 Nc4 12. O-O Qa5 13. Qc2 Bxa6 14. a4 Nd7 15. Na2
Ncb6 16. b3 c4 17. Bd2 cxb3 18. Rxb3 Qxa4 19. Nc3 Qc4 20. Rfb1 Rfc8 21. Qd1 Na4
22. Nxa4 Qxa4 23. Bh3 f5 24. Bg5 Bf6 25. Qd2 Qc4 26. Bxf6 Nxf6 27. Bxf5 gxf5 28.
Nxf5 Kh8 29. Nxe7 Rf8 30. Re3 Rab8 31. Rxb8 Rxb8 32. Re6 Ne4 33. Qe3 Nc3 34. Qg5
Qd4 35. Nf5 Nxe2+ 36. Rxe2 Qd1+ 37. Kg2 Qxd5+ 38. f3 Qf7 39. Nxd6 Qg7 40. Qxg7+
Kxg7 41. Rd2 Rb3 42. Kf2 Bd3 43. Nb7 Bb5 44. Nc5 Ra3 45. Ne6+ Kf6 46. Nd4 Ba6
47. f4 Bb7 48. Rb2 Be4 49. Rb6+ Kf7 50. Ne6 Bd5 51. Ng5+ Kg7 52. Rd6 Ra2+ 53.
Ke3 Bg8 54. Nf3 Bc4 55. Rd7+ Kg8 56. Rd2 Ra3+ 57. Ke4 Ba6 58. Ne5 Kg7 59. Rd7+
Kf6 60. Rf7+ 1-0

[Event "FIDE World Rapid 2013"]
[Site "Khanty-Mansiysk RUS"]
[Date "2013.06.08"]
[Round "15.19"]
[White "Kobalia, Mikhail"]
[Black "Gundavaa, Bayarsaikhan"]
[Result "1-0"]
[WhiteTitle "GM"]
[BlackTitle "GM"]
[WhiteElo "2651"]
[BlackElo "2516"]
[WhiteFideId "4119150"]
[BlackFideId "4901045"]
[EventDate "2013.06.06"]

1. e4 c5 2. Nf3 d6 3. c3 Nf6 4. Bd3 Bg4 5. Bc2 Nc6 6. h3 Bxf3 7. Qxf3 g6 8. d3
Bg7 9. O-O O-O 10. Be3 Nd7 11. Nd2 b5 12. a3 a5 13. Qe2 Qc7 14. Rfc1 Rfc8 15.
Nf3 Nde5 16. Nd2 Rab8 17. Bd1 Nd7 18. d4 a4 19. Rab1 Na5 20. d5 Ne5 21. Bc2 Nec4
22. Nxc4 Nxc4 23. Bg5 Qd7 24. f4 Na5 25. Rd1 b4 26. e5 b3 27. Bd3 c4 28. Be4
dxe5 29. fxe5 e6 30. Bf4 Rb5 31. Qf3 Nb7 32. dxe6 Qxe6 33. Bxb7 Qb6+ 34. Kf1
Qxb7 35. Qxb7 Rxb7 36. Rd5 Re7 37. Re1 Rce8 38. Re4 g5 39. Bh2 Rc8 40. g4 Re6
41. Ke2 h5 42. Kf3 h4 43. Bg1 Kh7 44. Ra5 Rce8 45. Bd4 f6 46. Rxa4 fxe5 47. Be3
Rc8 48. Rexc4 e4+ 49. Rxe4 Rxe4 50. Kxe4 Bxc3 51. bxc3 Rb8 52. Bc1 1-0

[Event "FIDE World Rapid 2013"]
[Site "Khanty-Mansiysk RUS"]
[Date "2013.06.08"]
[Round "15.20"]
[White "Salem, A.R. Saleh"]
[Black "Ghaem Maghami, Ehsan"]
[Result "1-0"]
[WhiteTitle "GM"]
[BlackTitle "GM"]
[WhiteElo "2531"]
[BlackElo "2554"]
[WhiteFideId "9301348"]
[BlackFideId "12500739"]
[EventDate "2013.06.06"]

1. d4 Nf6 2. c4 e6 3. Nf3 Bb4+ 4. Nbd2 b6 5. a3 Bxd2+ 6. Qxd2 Ba6 7. b3 d5 8. e3
c5 9. Bb2 Nbd7 10. Rc1 Rc8 11. Bd3 dxc4 12. bxc4 Bb7 13. O-O O-O 14. Rfe1 Be4
15. Bxe4 Nxe4 16. Qd3 Ndf6 17. Ne5 Qc7 18. f3 Nd6 19. d5 exd5 20. cxd5 c4 21.
Qd4 Nb5 22. Qxc4 Qxc4 23. Nxc4 Nxd5 24. a4 Nbc3 25. e4 Nxa4 26. exd5 Rfd8 27.
Ba3 f6 28. Ne3 Nc3 29. Bb2 Nb5 30. g4 Kf7 31. Rxc8 Rxc8 32. Nf5 Rc2 33. d6 1-0

[Event "FIDE World Rapid 2013"]
[Site "Khanty-Mansiysk RUS"]
[Date "2013.06.08"]
[Round "15.21"]
[White "Dubov, Daniil"]
[Black "Potapov, Pavel"]
[Result "1/2-1/2"]
[WhiteTitle "GM"]
[BlackTitle "IM"]
[WhiteElo "2638"]
[BlackElo "2460"]
[WhiteFideId "24126055"]
[BlackFideId "4169786"]
[EventDate "2013.06.06"]

1. d4 d5 2. c4 e5 3. dxe5 d4 4. e4 Nc6 5. f4 Bb4+ 6. Bd2 Nh6 7. Bxb4 Nxb4 8. a3
Nc6 9. Nf3 Ng4 10. Bd3 g5 11. Nxg5 Ncxe5 12. O-O h6 13. Nf3 Ne3 14. Qe2 Ng6 15.
Ne1 1/2-1/2

[Event "FIDE World Rapid 2013"]
[Site "Khanty-Mansiysk RUS"]
[Date "2013.06.08"]
[Round "15.22"]
[White "Rakhmanov, Aleksandr"]
[Black "Bezgodov, Alexei"]
[Result "1/2-1/2"]
[WhiteTitle "GM"]
[BlackTitle "GM"]
[WhiteElo "2602"]
[BlackElo "2482"]
[WhiteFideId "4173708"]
[BlackFideId "4105257"]
[EventDate "2013.06.06"]

1. d4 d5 2. Nf3 Nf6 3. e3 Bf5 4. Bd3 e6 5. Bxf5 exf5 6. Qd3 Qc8 7. O-O Be7 8. b3
O-O 9. Ba3 Nc6 10. c4 Re8 11. Bxe7 Nxe7 12. Nc3 dxc4 13. bxc4 Ng6 14. Rab1 Ne4
15. Nd2 Nxc3 16. Qxc3 c5 17. d5 b6 18. a4 Ne5 19. a5 Qc7 20. axb6 axb6 21. Ra1
h5 22. h3 Nd7 23. Rxa8 Rxa8 24. Ra1 Qb8 25. Nf3 Ra7 26. g3 Qa8 27. Rxa7 Qxa7 28.
Ne5 Nf6 29. Qb2 Ne4 30. Kg2 Qa5 31. g4 fxg4 32. hxg4 hxg4 33. Nxg4 f6 34. Qc2
Nd6 35. Qg6 Kf8 36. Ne5 Qa7 37. Nc6 Qd7 38. e4 Qe8 39. Qg3 Qxe4+ 40. f3 Qe2+ 41.
Kh3 Qf1+ 42. Kh2 Qe2+ 43. Kh3 Nf5 44. Qf4 g6 45. Nd8 Kg8 46. Ne6 1/2-1/2

[Event "FIDE World Rapid 2013"]
[Site "Khanty-Mansiysk RUS"]
[Date "2013.06.08"]
[Round "15.23"]
[White "Frolyanov, Dmitry"]
[Black "Smirin, Ilia"]
[Result "0-1"]
[WhiteTitle "GM"]
[BlackTitle "GM"]
[WhiteElo "2570"]
[BlackElo "2663"]
[WhiteFideId "4151976"]
[BlackFideId "2801990"]
[EventDate "2013.06.06"]

1. e4 c5 2. Nf3 e6 3. d4 cxd4 4. Nxd4 a6 5. Bd3 Bc5 6. Nb3 Be7 7. Qg4 g6 8. O-O
d6 9. Nc3 Nf6 10. Qe2 O-O 11. Kh1 Qc7 12. Bh6 Re8 13. Rae1 Nc6 14. f4 b5 15. e5
Nh5 16. exd6 Qxd6 17. Ne4 Qc7 18. Bg5 Bb7 19. Qf2 Nb4 20. Qh4 Nxd3 21. cxd3 Qd8
22. Bxe7 Qxe7 23. Qxe7 Rxe7 24. Kg1 Kg7 25. g4 Nf6 26. Nxf6 Kxf6 27. Nc5 Bd5 28.
Ne4+ Bxe4 29. dxe4 Rd7 30. Re2 Rad8 31. Kf2 e5 32. fxe5+ Kxe5 33. Rc1 Kf4 34.
Rc6 Rd6 35. Rc7 R8d7 36. e5 Rxc7 37. exd6 Rd7 38. Re7 Rxd6 39. Rxf7+ Kxg4 40.
h3+ Kxh3 41. Rxh7+ Kg4 42. Ke3 g5 43. Rg7 Re6+ 44. Kf2 Rc6 45. Ke3 Rc2 46. Ra7
Rxb2 47. Rxa6 Kg3 48. Ke4 Rf2 49. Ra3+ Kh4 50. Rb3 Rxa2 51. Rxb5 g4 52. Rb8 g3
53. Rh8+ Kg4 54. Rg8+ Kh3 55. Kf4 Rf2+ 56. Ke3 Rf7 57. Kd4 0-1

[Event "FIDE World Rapid 2013"]
[Site "Khanty-Mansiysk RUS"]
[Date "2013.06.08"]
[Round "15.24"]
[White "Popov, Ivan RUS"]
[Black "Cherniaev, Alexander"]
[Result "1/2-1/2"]
[WhiteTitle "GM"]
[BlackTitle "GM"]
[WhiteElo "2632"]
[BlackElo "2447"]
[WhiteFideId "4170350"]
[BlackFideId "4117301"]
[EventDate "2013.06.06"]

1. e4 c5 2. Nf3 Nc6 3. Nc3 Nf6 4. d4 cxd4 5. Nxd4 e5 6. Ndb5 d6 7. Bg5 a6 8. Na3
b5 9. Bxf6 gxf6 10. Nd5 f5 11. c3 Bg7 12. exf5 Bxf5 13. Be2 O-O 14. Nc2 Be6 15.
O-O f5 16. a4 Ne7 17. Ncb4 Nxd5 18. Nxd5 bxa4 19. Rxa4 a5 20. b4 Kh8 21. b5 Bxd5
22. Qxd5 e4 23. c4 Rc8 24. Ra3 Rc5 25. Qb7 Re5 26. f4 exf3 27. Bxf3 Re7 28. Qd5
Be5 29. c5 Rg7 30. cxd6 Bxd6 31. Rd3 Rf6 32. Rfd1 Qb6+ 33. Kh1 Rh6 34. Qxd6 Rxd6
35. Rxd6 Qxb5 36. R6d5 Qb4 37. R5d4 Qe7 38. Rd8+ Rg8 39. R8d7 Qb4 40. R7d4 Qb8
41. h3 Re8 42. Rd5 Qg3 43. Rxf5 a4 44. Ra1 a3 45. Bd5 Re1+ 46. Rxe1 Qxe1+ 47.
Kh2 Qa5 48. h4 a2 49. Rf8+ Kg7 50. Rf7+ Kg6 51. Bxa2 Qxa2 52. Rf3 Kh5 53. Rh3
Qf2 54. Rf3 Qc2 55. Rh3 Kg4 56. h5 h6 57. Rg3+ Kh4 58. Rh3+ Kg4 59. Rg3+ Kxh5
60. Rh3+ Kg5 61. Rg3+ Kf5 62. Rf3+ Ke4 63. Rh3 Qd2 64. Rf3 h5 65. Rh3 Qf4+ 66.
Kh1 h4 67. Rf3 Qd6 68. Rh3 Qd8 69. Rf3 1/2-1/2